Normal view MARC view
  • Margaliot, Michael

Entry Personal Name

Number of records used in: 1

001 - CONTROL NUMBER

  • control field: 82225

003 - CONTROL NUMBER IDENTIFIER

  • control field: NUST

005 - DATE AND TIME OF LATEST TRANSACTION

  • control field: 20210907112806.0

008 - FIXED-LENGTH DATA ELEMENTS

  • fixed length control field: 210907|| aca||aabn | a|a d

040 ## - CATALOGING SOURCE

  • Original cataloging agency: NUST
  • Transcribing agency: NUST

100 ## - HEADING--PERSONAL NAME

  • Personal name: Margaliot, Michael

670 ## - SOURCE DATA FOUND

  • Source citation: Work cat.: (NUST)31919: Kolman, Eyal. 82223, Knowledge-based Neurocomputing :, c2009.
© 2023 Central Library, National University of Sciences and Technology. All Rights Reserved.